Quizzes
Events
Quiz Creation
Community
Videos
Private Events
Remove Ads
Sign In
Join for FREE
Feedback
Dark Mode
Quiz Categories
Sports
Geography
Music
Movies
Television
Just For Fun
Miscellaneous
History
Literature
Language
Science
Gaming
Entertainment
Religion
Holiday
For Kids
Quiz Lab
Recent
Popular Today
Quiz Kudos Today
Editor Picks
Curator Picks
Quizzes by...
Day
Popularity
Type
Ratings
Length
Year
Community
Subscriptions
Recent Discussions
Orange Saloon
Badges
Playlists
Quests
Create
Leaderboards
Showdown
Live 5
Trivia Bingo
Activity
Puzzle Library
Sporcle Events
Private Events
Virtual Trivia
Globe League
Become a Host
Pub Owners
SporcleCon
Opinionation
Our Games
Videos
Blog
Mobile Apps
Partnerships
Remove Ads and Go Orange
Feedback
Sports
Athletes
MLB
NBA
NHL
NFL
Soccer
Sports Teams
WWE
NCAA
Football
Premier League
Basketball
Baseball
Hockey
Golf
Tennis
Cricket
Rugby
Auto Racing
Olympics
World Cup
Sports
Athletes
MLB
NBA
NHL
NFL
Soccer
Sports Teams
WWE
NCAA
Football
Premier League
Basketball
Baseball
Hockey
Golf
Tennis
Cricket
Rugby
Auto Racing
Olympics
World Cup
Random Quiz
Search Sporcle
×
Quiz Lab
Quiz Lab
Sports
College
Type in answers that appear in a list
Type in answers that appear in a list
Classic
Best Score? Go Orange.
NCAA Basketball Arenas Stats
Can you name the 25 Largest College Basketball Arenas?
By
Shanunu
8m
25 Questions
1,005 Plays
1,005 Plays
1,005 Plays
Comments
Comments
Give Quiz Kudos
Give Quiz Kudos
-
- Ratings
hide this ad
Replay
Link that replays current quiz
Next Quiz
Link to next quiz in quiz playlist
You Got
0%
They Got
Avg Score
17%
Avg Friend Score
Upgrade to see
Score Distribution
Jump to the score distribution portion of the page
Score
0/25
Timer
08:00
0
Plays Today
#
Arena
% Correct
3
Rupp Arena-Kentucky
74.3%
1
Carrier Dome-Syracuse University
71.6%
5
Dean Smith Center-North Carolina
35.2%
25
Assembly Hall-Indiana
29.3%
15
Freedom Hall-Louisville
22.7%
17
Madison Square Garden-St. John's
20.4%
6
Verizon Center-Georgetown
18.9%
2
Thompson-Boling Arena-Tennessee
16.4%
19
University Arena (The Pit)-New Mexico
16.3%
21
Comcast Center-Maryland
14.2%
10
RBC Center-NC State
13.2%
14
Bradley Center-Marquette
13.2%
13
Wachovia Center-Villanova
11.3%
#
Arena
% Correct
18
FedEx Forum-Memphis
11.3%
4
Marriot Center-Brigham Young
11.2%
12
Bud Walton Arena-Arkansas
11%
16
Thomas & Mack Center-UNLV
9.7%
11
Jerome Schottenstein Center-Ohio State
7.1%
24
Allstate Arena-DePau
6.7%
9
The Rose Garden-Portland State
4.6%
7
Continental Airlines Arena-Seton Hall
3.7%
8
Scottrade Center-St. Louis
3.7%
22
New Orleans Arena-Tulane
3.6%
20
Alltel Arena-Arkansas Little Rock
2.6%
23
Carolina Center-South Carolina
2.5%
Quiz Playlist
Details
Report
Send in Message
Add To Playlist
Classic:
Type in answers that appear in a list
Last Updated: Feb 16, 2017
Quiz Scoreboard
CHALLENGE
Sign Up to Join the Scoreboard
Show All
Scores
Hide
Comments
May contain spoilers
Recently Published
Click the 1999 NBA Draft
by nibperrychub
Sports
2m
Alphabetical 'K' Countries by Flag Minefield
by ylime102
Geography
3m
Pick 6: Fruits
by JohnFran
Miscellaneous
15s
More to Explore
Quiz From the Vault
Featured Blog Post
15 Basketball Trivia Facts You Can Be March Mad About
hide this ad
You Might Also Like...
Tags
Basketball Quiz
College Quiz
NCAA Quiz
25 Largest
arena
Capacity
largest
NCAA Basketball
Today's Top Quizzes in Sports
Browse Sports
hide this ad
Today's Top Quizzes in College
Browse College
Top Contributed Quizzes in Sports
1
Pick 6: NFL Teams
2
MLB 2 truths and a lie: Hall of Fame pitchers
3
Les joueurs à 100 buts en Ligue 1 Uber Eats
4
Don't Strike Out: 3000 Strikeouts
5
Criteria MLB: Left Handed Sluggers
6
Pick 6: Minor League Baseball
7
2022 World Cup Stars
8
Click the 1998 NBA Draft
9
Millionaire: NBA Finals Edition
10
MLB Players with Two .350 Batting Average Seasons
Explore More
Trending Topics
NBA
Harry Potter
Disney
Marvel
Anime
Kpop
Crossword
Puzzle
WWE
Soccer
Song
Country
NFL
Pokémon
The Office
hide this ad
More By:
Shanunu
Quiz
Plays
Rating
Category
Featured
Created
NCAA Basketball Arenas
1,005
1.00
Sports
Jan 19, 2010
Go to Creator's Profile
Score Distribution
Quiz Creator Spotlight
Shanunu
Follow
Send a Message
Quizzes Created
-
Created Quiz Play Count
-
More By This Creator
Popular Quizzes Today
1
Find the US States - No Outlines Minefield
2
Countries of Asia Without Outlines Minefield
3
Pick 6: Fruits
4
Alphabetical 'K' Countries by Flag Minefield
5
The Countries of the World
6
Find the US States
7
Match the Book to the Film X
8
Click the 1999 NBA Draft
More Sports Quizzes
PGA Lifetime Achievement Award Winners
Curator's Pick
Trending Quizzes
Pick 6: Harry Potter
Pick 6: Mountains
Pick 6: NFL Teams
Pick 6: Movie Franchises
Pick 6: Golfers
Recently Updated
Women's Final Four Teams by Year
bhenderson79
Presidents Quartet II
eogle
Anything But Clue(do)
eogle
Anything But Oceanian Capitals
eogle
Anything But 7
eogle
Anything But Thing
eogle
Word Ladder: February 29
pecheneg
Song Title Questions
pecheneg
Women's NCAA Tournament #1 Seeds
pecheneg
Celebrity Mug Shots
pecheneg
Trending Topics
Crossword
Disney
Marvel
Kpop
Harry Potter
Anime
NBA
NFL
Soccer
The Office
Song
Country
Pokémon
Puzzle
WWE
Your Account Isn't Verified!
In order to create a playlist on Sporcle, you need to verify the email address you used during registration. Go to your
Sporcle Settings
to finish the process.
Report this User
Report this user for behavior that violates our
Community Guidelines
.
Details:
Send Report
Go to the Sporcle.com Mobile Site →
Comments